000 00532nam a2200181Ia 4500
008 151018s9999 xx 000 0 und d
082 _bRBASDV36531
_a891.462
100 _aविनय केळुसकर
245 _aसमिधा
250 _b1
260 _bललित नाट्य प्रकाशन
_c1982
300 _a84
600 _aविनय केळुसकर
630 _aसमिधा
700 _aविनय केळुसकर
730 _aसमिधा
942 _cBOOK
999 _c1035978
_d1035975